Do you wonder (ever after high) - lyrics - Statistics

General Stats
  • This quiz has been taken 10 times
  • The average score is 200 of 211
Answer Stats
Answer % Correct
A
100%
After
100%
And
100%
Another
100%
(Another
100%
Anything
100%
Are
100%
Be
100%
Be?
100%
Can
100%
Cant
100%
Cause
100%
Come
100%
Could
100%
Discovering
100%
Do
100%
Down
100%
Else
100%
Ever
100%
Falling
100%
Fly?
100%
Go
100%
Hand
100%
I
100%
If
100%
Inside?
100%
Is
100%
Know
100%
Look
100%
Maybe
100%
Me
100%
My
100%
Never
100%
No
100%
On
100%
One
100%
Place
100%
Possible?
100%
See?
100%
See
100%
Take
100%
That
100%
To
100%
Want
100%
We
100%
We're
100%
What
100%
Will
100%
With
100%
Wonder
100%
Wonder?
100%
Wonderland
100%
World
100%
World)
100%
Yeah
100%
You
100%
You'll
100%
Afraid
67%
Believe
67%
Don't
67%
Everything
67%
Eyes
67%
Feeling
67%
Free
67%
It's
67%
Just
67%
Now
67%
Our
67%
Ride
67%
Seen
67%
The
67%
Thrilling
67%
Trust
67%
We've
67%
Here
33%
Promise
33%
Run
33%
Wait
33%
Worth
33%
No matching quizzes found
Score Distribution
Percent of People with Each Score
Percentile by Number Answered
Your Score History
You have not taken this quiz